00560nam a2200145 u 450000100100000000500170001000800410002704000130006808200150008124501460009626000620024230000330030450400500033770000270038700003144620200930062933.0090706s1974 dr a r 000 0 spa d aDO-SdBNP axxxxaM29400aManual del investigador en administración :bmetodología para la Preparación de Trabajos y Manuales. /cprólogo Luis E. del Villar C. aSanto Domingo :bOficina Nacional de Presupuesto ,c1974. axii, 298 p. :bil. ;c24 cm. aIncluye referencias bibliográficas (p. 297)1 aVillar C., Luis E. del